Die neuen Kodifikationen in Rußland: [Tagung 1996 der Fachgruppe Recht der Deutschen Gesellschaft für Osteuropakunde]
| Autor Corporativo: | |
|---|---|
| Otros Autores: | |
| Tipo de documento: | Print Libro |
| Lenguaje: | Alemán |
| Publicado: |
Berlin
Berlin-Verl., Spitz
1997
|
| En: |
Osteuropaforschung (38)
Año: 1997 |
| Acceso en línea: |
Índice |
| Disponibilidad en Tübingen: | Disponible en Tübingen. IFK: F VI 288 UB: 37 A 11086 |
| Verificar disponibilidad: | HBZ Gateway |
| Servicio de pedido Subito: | Pedir ahora. |
| Volúmenes / Artículos: | Mostrar volumes / artículos. |
| Palabras clave: |
MARC
| LEADER | 00000cam a2200000 c 4500 | ||
|---|---|---|---|
| 001 | 226255638 | ||
| 003 | DE-627 | ||
| 005 | 20260206200421.0 | ||
| 007 | tu | ||
| 008 | 970412s1997 gw ||||| 00| ||ger c | ||
| 015 | |a 97,N16,0248 |2 dnb | ||
| 015 | |a 97,N16,0248 |2 dnb | ||
| 016 | 7 | |a 94997076X |2 DE-101 | |
| 020 | |a 3870616075 |q : DM 64.00, sfr 58.00, S 467.00 (kart.) | ||
| 035 | |a (DE-627)226255638 | ||
| 035 | |a (DE-603)052148394 | ||
| 035 | |a (DE-576)054973988 | ||
| 035 | |a (DE-599)DNB94997076X | ||
| 035 | |a (OCoLC)845381437 | ||
| 035 | |a (OCoLC)37753787 | ||
| 035 | |a (OCoLC)614309842 | ||
| 035 | |a (DE-604)8112864155 | ||
| 040 | |a DE-627 |b ger |c DE-627 |e rakwb | ||
| 041 | |a ger | ||
| 044 | |c XA-DE |c XA-RU | ||
| 084 | |a 19 |a 17 |2 sdnb | ||
| 084 | |a PC 4500 |2 rvk |0 (DE-625)rvk/135079: | ||
| 084 | |a PO 3181 |2 rvk |0 (DE-625)rvk/138373: | ||
| 084 | |a PU 4470 |2 rvk |0 (DE-625)rvk/140591: | ||
| 084 | |a 86.10 |2 bkl | ||
| 084 | |a 83.20 |2 bkl | ||
| 084 | |a 15.74 |2 bkl | ||
| 245 | 0 | 4 | |a Die neuen Kodifikationen in Rußland |b [Tagung 1996 der Fachgruppe Recht der Deutschen Gesellschaft für Osteuropakunde] |c Friedrich-Christian Schroeder (Hrsg.) |
| 264 | 1 | |a Berlin |b Berlin-Verl., Spitz |c 1997 | |
| 300 | |a 252 S. |c 21 cm | ||
| 336 | |a Text |b txt |2 rdacontent | ||
| 337 | |a ohne Hilfsmittel zu benutzen |b n |2 rdamedia | ||
| 338 | |a Band |b nc |2 rdacarrier | ||
| 490 | 1 | |a Osteuropaforschung |v 38 | |
| 500 | |a Literaturangaben | ||
| 650 | 0 | 7 | |0 (DE-588)4048833-0 |0 (DE-627)104123362 |0 (DE-576)209079436 |a Rechtsreform |2 gnd |
| 650 | 0 | 7 | |0 (DE-588)4031459-5 |0 (DE-627)104589671 |0 (DE-576)208992480 |a Kodifikation |2 gnd |
| 651 | 7 | |0 (DE-588)4076899-5 |0 (DE-627)104251980 |0 (DE-576)209203366 |a Russland |2 gnd | |
| 655 | 7 | |a Konferenzschrift |y 1996 |z Wetzlar |0 (DE-588)1071861417 |0 (DE-627)826484824 |0 (DE-576)433375485 |2 gnd-content | |
| 689 | 0 | 0 | |d g |0 (DE-588)4076899-5 |0 (DE-627)104251980 |0 (DE-576)209203366 |a Russland |2 gnd |
| 689 | 0 | 1 | |d s |0 (DE-588)4048833-0 |0 (DE-627)104123362 |0 (DE-576)209079436 |a Rechtsreform |2 gnd |
| 689 | 0 | 2 | |d s |0 (DE-588)4031459-5 |0 (DE-627)104589671 |0 (DE-576)208992480 |a Kodifikation |2 gnd |
| 689 | 0 | |5 DE-101 | |
| 700 | 1 | |a Schroeder, Friedrich-Christian |d 1936-2024 |e Hrsg. |0 (DE-588)118130234 |0 (DE-627)079261345 |0 (DE-576)162975635 |4 edt | |
| 710 | 2 | |a Deutsche Gesellschaft für Osteuropakunde |b Fachgruppe Recht |0 (DE-588)1005310-4 |0 (DE-627)103056734 |0 (DE-576)191161489 |4 oth | |
| 830 | 0 | |a Osteuropaforschung |v 38 |9 38 |w (DE-627)130400564 |w (DE-576)008512493 |w (DE-600)605208-3 |x 0933-5013 |7 am | |
| 856 | 4 | 2 | |u https://www.gbv.de/dms/spk/sbb/toc/271788356.pdf |m V:DE-601 |m B:DE-1 |q pdf/application |3 Inhaltsverzeichnis |7 1 |
| 889 | |w (DE-627)271788356 | ||
| 935 | |i Blocktest | ||
| 936 | r | v | |a PC 4500 |b Tagungs- und Kongressberichte |k Rechtswissenschaft |k Allgemeines zum juristischen Studium und zur Rechtswissenschaft |k Organisation und Pflege der Wissenschaft, Justiz |k Tagungs- und Kongressberichte |0 (DE-627)1271126788 |0 (DE-625)rvk/135079: |0 (DE-576)201126788 |
| 936 | r | v | |a PO 3181 |b Sekundärliteratur |k Rechtswissenschaft |k Recht sozialistischer und ehemals sozialistischer Staaten (Ostrecht) bis Erscheinungsjahr 1989 |k Sowjetunion/GUS, Russland |k Staatslehre, Rechtstheorie, Rechtswesen allgemein |k Sekundärliteratur |0 (DE-627)1271533049 |0 (DE-625)rvk/138373: |0 (DE-576)201533049 |
| 936 | r | v | |a PU 4470 |b Russische Föderation, GUS |k Rechtswissenschaft |k Ausländisches Privatrecht, Privatrechtsvergleichung und -vereinheitlichung |k Einzelne Länder |k Ost- und Südosteuropa (sozialistische und ehemals sozialistische Staaten in vorsozialistischer Zeit und ab Erscheinungsjahr 1990; im übrigen s. PO) |k Russische Föderation, GUS |0 (DE-627)127213007X |0 (DE-625)rvk/140591: |0 (DE-576)20213007X |
| 936 | b | k | |a 86.10 |j Recht einzelner Länder, Gebiete und Völker |0 (DE-627)106422499 |
| 936 | b | k | |a 83.20 |j Wirtschaftssysteme: Allgemeines |0 (DE-627)10641495X |
| 936 | b | k | |a 15.74 |j Russland |x Geschichte |0 (DE-627)181570890 |
| 936 | s | n | |a p100 |2 mzub |
| 936 | s | n | |a q100 |2 mzub |
| 951 | |a BO | ||
| ELC | |b 1 | ||
| LOK | |0 000 xxxxxcx a22 zn 4500 | ||
| LOK | |0 001 314947535X | ||
| LOK | |0 003 DE-627 | ||
| LOK | |0 004 226255638 | ||
| LOK | |0 005 20020612000000 | ||
| LOK | |0 008 970819||||||||||||||||ger||||||| | ||
| LOK | |0 040 |a DE-21 |c DE-627 |d DE-21 | ||
| LOK | |0 852 |a DE-21 | ||
| LOK | |0 852 1 |c 37 A 11086 |9 00 | ||
| LOK | |0 938 |l 33 |8 2 | ||
| LOK | |0 939 |a 19-08-97 |b l01 | ||
| LOK | |0 000 xxxxxcx a22 zn 4500 | ||
| LOK | |0 001 3149475430 | ||
| LOK | |0 003 DE-627 | ||
| LOK | |0 004 226255638 | ||
| LOK | |0 005 19991009000000 | ||
| LOK | |0 008 990609||||||||||||||||ger||||||| | ||
| LOK | |0 040 |a DE-21-110 |c DE-627 |d DE-21-110 | ||
| LOK | |0 852 |a DE-21-110 | ||
| LOK | |0 852 1 |c F VI 288 |m p |9 00 | ||
| LOK | |0 935 |a k110 | ||
| LOK | |0 936ln |a 5.7 | ||
| LOK | |0 938 |k p | ||
| LOK | |0 939 |a 09-06-99 |b l01 | ||
| LOK | |0 000 xxxxxcx a22 zn 4500 | ||
| LOK | |0 001 3149475457 | ||
| LOK | |0 003 DE-627 | ||
| LOK | |0 004 226255638 | ||
| LOK | |0 005 20100407061027 | ||
| LOK | |0 008 041215||||||||||||||||ger||||||| | ||
| LOK | |0 040 |a DE-21-58 |c DE-627 |d DE-21-58 | ||
| LOK | |0 541 |e 98-287 | ||
| LOK | |0 689 |a s |0 1310686807 |a Sowjetunion - Rußland - Rechtsordnung | ||
| LOK | |0 852 |a DE-21-58 | ||
| LOK | |0 852 1 |c G XII 1027 |m p |9 00 | ||
| LOK | |0 935 |a k058 | ||
| LOK | |0 938 |k p | ||
| LOK | |0 939 |a 15-12-04 |b l01 | ||
| LOK | |0 000 xxxxxcx a22 zn 4500 | ||
| LOK | |0 001 3149475465 | ||
| LOK | |0 003 DE-627 | ||
| LOK | |0 004 226255638 | ||
| LOK | |0 005 20060206144701 | ||
| LOK | |0 008 060206||||||||||||||||ger||||||| | ||
| LOK | |0 040 |a DE-21-62 |c DE-627 |d DE-21-62 | ||
| LOK | |0 541 |e I/47762 | ||
| LOK | |0 852 |a DE-21-62 | ||
| LOK | |0 852 1 |c 22910 |m p |9 00 | ||
| LOK | |0 938 |k p | ||
| LOK | |0 939 |a 06-02-06 |b l01 | ||
| LOK | |0 000 xxxxxcx a22 zn 4500 | ||
| LOK | |0 001 3149476208 | ||
| LOK | |0 003 DE-627 | ||
| LOK | |0 004 226255638 | ||
| LOK | |0 005 19970708000000 | ||
| LOK | |0 008 970429||||||||||||||||ger||||||| | ||
| LOK | |0 040 |a DE-Frei85 |c DE-627 |d DE-Frei85 | ||
| LOK | |0 852 |a DE-Frei85 | ||
| LOK | |0 852 1 |m p |9 00 | ||
| LOK | |0 938 |k p | ||
| LOK | |0 939 |a 29-04-97 |b l01 | ||
| ORI | |a WA-MARC-krimdokb001.raw | ||
| SIG | |a IFK: F VI 288 | ||
| SIG | |a UB: 37 A 11086 | ||
| SPR | |a 1 |t KRI | ||
| TIM | |a 000000000000_100019171231 |b - 1917 | ||
